000 00433nam a2200181Ia 4500
001 13085
005 20260306163028.0
008 260306t2012||||xx |||||||||||||| ||spa||
041 _aESP
082 _aRD 930
_bD73
100 _aInduráin Pons, Jordi
_eAUT
245 0 _aDiccionario de culturas clásicas
260 _c2012
300 _a388 páginas :
_c20 cm.
650 _aGEN
654 _aCHU
942 _cDIC
_dJUS
_fJUS
_2ddc
_n
999 _c13085
_d13085